000 00314nam a2200109Ia 4500
008 151213s9999 xx 000 0 und d
245 _aCupidae Legum Juventuti ,, The Elements of Roman Law , With A Translation of The Institutes of Justinian
300 _a3729 p.
650 _aLaw
650 _aLaw
999 _c2468
_d2468